000 00725nam a2200217 a 4500
001 48886
003 BD-RjUL
005 20211209054613.0
008 160817s1975 bg ||||| |||| 00| 0 ben d
035 _a(BD-RjUL)49005
040 _aBD-RjUL
_bben
_cBD-RjUL
041 _aben
082 _223
_a891.441
_bHAD 1975
100 _aহক, সিকদার আমিনুল
_9147300
245 _aদুরের কার্নিশ /
_cসিকদার আমিনুল হক
260 _aঢাকা :
_bমুক্তধারা,
_c১৯৭৫
300 _a৬৪ পৃ. ;
_c২১ সেমি.
650 _aবাংলা কবিতা
_9147301
650 _aBengali poetry
_9147302
942 _2ddc
_cBK
999 _c48886
_d48886